000 01107nam a2200313Ia 4500
003 OSt
005 20221007121753.0
006 a|||||r|||| 00| 0
007 ta
008 221006b |||||||| |||| 00| 0 eng d
020 _cRs.236.00, hbd
024 _a7213
037 _bBishan,
_cTextual
040 _aBDL
_cBDL
_beng
041 _2eng
_aeng
082 _aI:11.25244, N5
100 _aSharma A K
245 0 _aFlora of Agra district by A K Sharma and J S Dhakre
_b Dhakre J S
260 _aCalcutta
_bBotanical Survey of India
_c1995
300 _a356p
_ccm.
490 _aFlora of India series; 3
500 _aBibliography 332-338p; Indexes 339-356p; 23/CSL/Carb/00-01/294^d2000-10-23^mPurchase; ; 2000-2001/461^b2001-01-16^c508^d2001-01-10^eRs.15,485.50^fBishen Singh Mahendra Pal Singh; ; 2001-01-24^bSB^c2001-02-22^dRPS
650 _a Agra District
_9712910
650 _a Classification
_9229842
650 _aBotany
700 _a Dhakre J S
_9712911
942 _hI:11.25244, N5
_cTEXL
_2CC
999 _c1209315
_d1209315